000 00734nam a2200181 i 4500
001 96163
003 ES-MaACL
005 20230906181845.0
008 050613s1972 sp af |||| | spa d
245 0 0 _aTécnicas actuales en cirugía ortopédica y traumatología /
_cJosé Maestre Herrero y colaboradores.
260 _aValencia :
_bCentro de Rehabilitación de la Ciudad Sanitaria de la Seguridad Social "La Fe",
_c1972.
300 _a280 p., 11 lám. :
_bil. ;
_c25 cm.
650 4 _aOrtopedia.
_9152852
650 4 _aTraumatología.
_9159553
700 1 _aMaestre Herrero, José.
_975397
710 2 _aCentro de Rehabilitación de la Ciudad Sanitaria de la Seguridad Social "La Fe" (Valencia)
_92723
852 _aES-MaACL
_jC-43064
999 _c96163
_d96163